000 00544nam a2200193Ia 4500
008 140429s9999 xx 000 0 und d
020 _a9789715066235
050 _aPL 5539.T74
_b.T153d 2011
100 _aTan, Michael T.
245 _aThinking doing culture /
_cMichael L. Tan.
260 _aManila :
_bUST Pub. House,
_cc2011.
300 _a116 p. :
_c21 cm.
521 _aGE
650 _aCulture.
650 _aPhilippines essays (Emglish).
650 _aPhilippines
_xCustoms and traditions.
942 _kLOC
_cBK
999 _c115620
_d115620